000 00825nam a2200253Ia 4500
003 OSt
005 20220923214945.0
006 a|||||r|||| 00| 0
007 ta
008 220922b |||||||| |||| 00| 0 hin d
024 _a174,172
037 _cTextual
040 _aARTS
_cARTS
_bhin
041 _2hin
_ahin
082 _aO152:gvN3, K9
100 _aराय, नन्द कुमार
_9157821
245 0 _aहिन्दी के विशिष्ट आलोचक
246 _aHindī ke vishiṣhṭa ālochaka
260 _aइलाहाबाद
_b वसुमती
_c1969
300 _a111पृ.
_ccm.
650 _aहिन्दी साहित्य
_9156264
942 _hO152:gvN3, K9
_cTEXL
_2CC
999 _c327988
_d327988